| 000 | 00649na a2200217 4500 | ||
|---|---|---|---|
| 001 | 19747 | ||
| 003 | MIRAKIL | ||
| 005 | 20181213155124.0 | ||
| 008 | 170112b tu 000 0 | ||
| 040 |
_aMilas _btur _cTR-AnCHP |
||
| 041 | _atur | ||
| 082 |
_a363.566345 _bE63o [1967] |
||
| 090 | _a363.566345 E63 [1967] | ||
| 100 | _aErgünay, Oktay | ||
| 245 |
_a19 Ağustos 1966 Varto deprem raporu _cOktay Ergünay |
||
| 260 |
_aAnkara _bİmar ve İskan Bakanlığı Deprem Bölgeleri İcra Heyeti Başkanlığı _c[1967] |
||
| 300 |
_a[60] s. _c27 sm. |
||
| 650 |
_aDepremler _zDepremler |
||
| 651 |
_aVarto _xDepremler _zMuş |
||
| 942 |
_2ddc _cBKS |
||
| 999 |
_c6962 _d6962 |
||